| 000 | 00983cab a22002295a 4500 | ||
|---|---|---|---|
| 001 | L159224 | ||
| 008 | 160318e2016 xxk 000 0 eng d | ||
| 035 | _a(Sirsi) u159224 | ||
| 041 | 0 | _aeng | |
| 100 | 1 | _aVigus, Emma | |
| 245 | 0 | 0 | _aProfessional indemnity insurance (PII) and risk managment for surveyors and valuers |
| 260 | _c2016 | ||
| 490 |
_aJournal of Building Survey, Appraisal & Valuation _v4(4) 255-263(9) |
||
| 520 | _aProvides useful tips on managing your Professional Indemnity Insurance (PII). These include developing a good relationship with your insurance brker and managing and minimising risk through due diligence and good working practices. Looks at risk and liability within valuation contracts with reference to case law relating to PII issues. | ||
| 590 | _aKA | ||
| 650 | 2 | 4 | _aPROFESSIONAL INDEMNITY INSURANCE |
| 650 | 2 | 4 | _aRISK |
| 651 | 4 |
_aUnited Kingdom _y |
|
| 690 | _aBusiness and management | ||
| 700 | 1 | _aCrossingham, Robert | |
| 942 | _n0 | ||
| 999 |
_c84838 _d84838 |
||